000 00558nam a22001697a 4500
999 _c6152
_d6152
008 170125b xxu||||| |||| 00| 0 eng d
020 _a9712303624
082 _21990
_aDFil 650.01
_bV66
100 _918579
_aVictoriano, Praxedes S.
245 _aQuantitative techniques for business management/
_cPraxedes S. Victoriano.
250 _aSecond edition
260 _aManila:
_bRex Book Store,
_cc1990.
300 _axii, 229 pages:
_billustrations;
_c28 cm.
500 _aIncludes bibliographical references.
650 0 _918580
_aAlgebra.
942 _2ddc
_cDFIL